The life-changing magic of tidying (Record no. 2589)

MARC details
000 -CABECERA
campo de control de longitud fija 02281cam a2200421 i 4500
001 - NÚMERO DE CONTROL
campo de control 990196762840107026
003 - IDENTIFICADOR DEL NÚMERO DE CONTROL
campo de control UkOxU
005 - FECHA Y HORA DE LA ÚLTIMA TRANSACCIÓN
campo de control 20250627100539.0
008 - DATOS DE LONGITUD FIJA--INFORMACIÓN GENERAL
campo de control de longitud fija 140312t20142011enk 001 0 eng|c
015 ## - NÚMERO DE BIBLIOGRAFÍA NACIONAL
Número de bibliografía nacional GBB405398
Fuente bnb
020 ## - NÚMERO INTERNACIONAL ESTÁNDAR DEL LIBRO
Número Internacional Estándar del Libro 9780091955106 (pbk.) :
035 ## - NÚMERO DE CONTROL DEL SISTEMA
Número de control de sistema (UkOxU)019676284
035 ## - NÚMERO DE CONTROL DEL SISTEMA
Número de control de sistema (UkOxU)019676284BIB01
035 ## - NÚMERO DE CONTROL DEL SISTEMA
Número de control de sistema (UkCU)5677860
035 ## - NÚMERO DE CONTROL DEL SISTEMA
Número de control de sistema (Uk)016603032
040 ## - FUENTE DE LA CATALOGACIÓN
Centro catalogador/agencia de origen StDuBDS
Lengua de catalogación eng
Normas de descripción rda
Centro/agencia transcriptor StDuBDS
Centro/agencia modificador UkCU
041 1# - CÓDIGO DE LENGUA
Código de lengua del texto/banda sonora o título independiente eng
-- jpn
042 ## - CÓDIGO DE AUTENTICACIÓN
Código de autenticación ukscp
100 ## - ENTRADA PRINCIPAL--NOMBRE DE PERSONA
Nombre de persona Kondo, Marie
Término indicativo de función/relación author.
9 (RLIN) 11818
240 10 - TÍTULO UNIFORME
Título uniforme Jinsei ga tokimeku katazuke no mahō.
Lenguaje de la obra English
245 14 - MENCIÓN DE TÍTULO
Título The life-changing magic of tidying
Mención de responsabilidad, etc. / Marie Kondo ; translated from the Japanese by Cathy Hirano.
264 #1 - PRODUCCIÓN, PUBLICACIÓN, DISTRIBUCIÓN, FABRICACIÓN Y COPYRIGHT
Producción, publicación, distribución, fabricación y copyright London :
Nombre del de productor, editor, distribuidor, fabricante Vermilion,
Fecha de producción, publicación, distribución, fabricación o copyright 2014.
300 ## - DESCRIPCIÓN FÍSICA
Extensión 248 pages ;
Dimensiones 20 cm
500 ## - NOTA GENERAL
Nota general Includes index.
500 ## - NOTA GENERAL
Nota general First published: Tokyo, Japan : Sunmark Publishing, Inc., 2010.
520 ## - SUMARIO, ETC.
Sumario, etc. Despite constant efforts to declutter your home, do papers still accumulate like snowdrifts and clothes pile up like a tangled mess of noodles?<br/><br/>Japanese cleaning consultant Marie Kondo takes tidying to a whole new level, promising that if you properly simplify and organize your home once, you’ll never have to do it again. Most methods advocate a room-by-room or little-by-little approach, which doom you to pick away at your piles of stuff forever. The KonMari Method, with its revolutionary category-by-category system, leads to lasting results. In fact, none of Kondo’s clients have lapsed (and she still has a three-month waiting list). <br/><br/>With detailed guidance for determining which items in your house “spark joy” (and which don’t), this international bestseller will help you clear your clutter and enjoy the unique magic of a tidy home—and the calm, motivated mindset it can inspire.
546 ## - NOTA DE LENGUA/LENGUAJE
Nota de lengua/lenguaje Translated from the Japanese.
650 #0 - PUNTO DE ACCESO ADICIONAL DE MATERIA--TÉRMINO DE MATERIA
Término de materia o nombre geográfico como elemento de entrada House cleaning
9 (RLIN) 11814
650 #0 - PUNTO DE ACCESO ADICIONAL DE MATERIA--TÉRMINO DE MATERIA
Término de materia o nombre geográfico como elemento de entrada Orderliness
9 (RLIN) 10686
650 #0 - PUNTO DE ACCESO ADICIONAL DE MATERIA--TÉRMINO DE MATERIA
Término de materia o nombre geográfico como elemento de entrada Storage in the home
9 (RLIN) 11815
650 #0 - PUNTO DE ACCESO ADICIONAL DE MATERIA--TÉRMINO DE MATERIA
Término de materia o nombre geográfico como elemento de entrada Organizational effectiveness
9 (RLIN) 2451
650 #0 - PUNTO DE ACCESO ADICIONAL DE MATERIA--TÉRMINO DE MATERIA
Término de materia o nombre geográfico como elemento de entrada Self-actualization (Psychology)
9 (RLIN) 7023
650 #0 - PUNTO DE ACCESO ADICIONAL DE MATERIA--TÉRMINO DE MATERIA
Término de materia o nombre geográfico como elemento de entrada Time management
9 (RLIN) 4133
650 #0 - PUNTO DE ACCESO ADICIONAL DE MATERIA--TÉRMINO DE MATERIA
Término de materia o nombre geográfico como elemento de entrada Interpersonal relations
9 (RLIN) 1674
650 #0 - PUNTO DE ACCESO ADICIONAL DE MATERIA--TÉRMINO DE MATERIA
Término de materia o nombre geográfico como elemento de entrada Quality of life
9 (RLIN) 10910
700 ## - ENTRADA AGREGADA--NOMBRE PERSONAL
Nombre de persona Hirano, Cathy,
Término indicativo de función/relación translator
9 (RLIN) 25614
942 ## - ELEMENTOS DE ENTRADA AGREGADA (KOHA)
Fuente del sistema de clasificación o colocación Clasificación de Library of Congress
Holdings
Estado de retiro Estado de pérdida Estado dañado No para préstamo Biblioteca de origen Biblioteca actual Ubicación en estantería Fecha de adquisición Total de préstamos Signatura topográfica completa Código de barras Fecha visto por última vez Precio válido a partir de Tipo de ítem Koha
        TBS Barcelona TBS Barcelona Libre acceso 22/10/2019   TX323 KON B00500 07/04/2022 05/03/2023 Book

Powered by Koha